ESSENTIALS OF CLINICAL PATHOLOGY (Record no. 15005)

MARC details
000 -LEADER
fixed length control field 00273nam a22001217a 4500
003 - CONTROL NUMBER IDENTIFIER
control field SGT
082 ## - DEWEY DECIMAL CLASSIFICATION NUMBER
Classification number 616.07
Item number E17K
100 ## - MAIN ENTRY--PERSONAL NAME
Personal name KAWTHALKAR, SHIRISH
245 ## - TITLE STATEMENT
Title ESSENTIALS OF CLINICAL PATHOLOGY
260 ## - PUBLICATION, DISTRIBUTION, ETC. (IMPRINT)
Place of publication, distribution, etc INDIA
Name of publisher, distributor, etc JAYPEE
Year of Publication 2017
300 ## - PAGE DESCRIPTION
No. of Pages 376
942 ## - ADDED ENTRY ELEMENTS (KOHA)
Source of classification or shelving scheme Dewey Decimal Classification
Koha item type Books
942 ## - ADDED ENTRY ELEMENTS (KOHA)
-- 14
Holdings
Withdrawn status Lost status Source of classification or shelving scheme Damaged status Not for loan Collection code Home library Current library Shelving location Date acquired Vendor Name SGTU Total Checkouts Total Renewals Full call number Accession No. (Barcode) Date last seen Date last borrowed Bill Date Koha item type
    Dewey Decimal Classification     MEDICAL SGT Medical Library SGT Medical Library Text Book 01/02/2018 ABC SGTU 23 1 616.07 E17K FM9889 23/12/2024 06/12/2024 01/02/2018 Books
    Dewey Decimal Classification     MEDICAL SGT Medical Library SGT Medical Library Text Book 01/02/2018 ABC SGTU 11   616.07 E17K FM9890 17/01/2023 16/01/2023 01/02/2018 Books